000 01333nam a2200337 c 4500
999 _c175070
_d175070
003 BLK
005 20210119144051.0
008 180411b bul|||||r ||||||| ||bul||
010 _aKNG00183596000
040 _aBLK
041 _aBUL
_cBUL
080 _aНемска литература
_b821.112.2
_x-93-34
_z821.112.2-93-34
100 1 _aРодриан, Фред
_eпърви автор
_9340002
139 _aРодриан, Фред
_bР 75
245 1 0 _aВълшебното бяло конче
_bПриказка : За предучилищна и начална училищна възраст
_cФред Родриан; ил. Ингеборг Майер-Рей; прев. от нем. Емилия Захариева.
257 _aDEU
260 _bНар. младеж
_c1963
_aСофия
300 _a32 с.
_bс ил.
_c27 см
380 _aDX
500 _a50 000 тир.
653 _aприказки
653 _aдетска литература
653 _aлитература за деца
700 1 _aМайер-Рей, Ингеборг
_eил.
_9383188
700 1 _aЗахариева, Емилия
_eпрев. от нем.
_9376527
852 _aЦб ІІ 4363
_bЦб
856 4 _qpdf
856 4 _qpdf
942 _cKNG
_n0
_s1
944 _aCR
_c13.10.2015
_kЕлица_Владова
944 _aED
_c13.10.2015
_kЕлица_Владова
999 _d175070